[Event "Eastern Asia-ch zt 3.3 (Women)"]
[Site "Ulaanbaatar"]
[Date "2019.04.13"]
[Round "7"]
[White "Lkhagvajed, Gantulga"]
[Black "Unurzul, Davaakhuu"]
[Result "1/2-1/2"]
[WhiteElo "1344"]
[BlackElo "1378"]
[PlyCount "133"]
[EventDate "2019.04.07"]
[EventType "swiss"]
[EventRounds "9"]
[EventCountry "MGL"]
[SourceTitle "CBM 189 Extra"]
[Source "ChessBase"]
[SourceDate "2019.06.03"]
[SourceVersion "1"]
[SourceVersionDate "2019.06.03"]
[SourceQuality "1"]

1. e4 e5 2. Nf3 Nc6 3. Bc4 Bc5 4. c3 Nf6 5. d3 d6 6. 0-0 Be6 7. Bb3 d5 8. Qc2 0-0 9. Bg5 Be7 10. Nbd2 h6 11. Bh4 dxe4 12. dxe4 Bg4 13. h3 Bh5 14. Rad1 Nd7 15. Bg3 Bd6 16. Rc1 a6 17. Nh4 Na5 18. Nf5 Nc5 19. f3 Bg6 20. Rfe1 Bxf5 21. exf5 Nd3 22. Bh4 Nxe1 23. Bxe1 Nxb3 24. Nxb3 Qe7 25. Bf2 Rfe8 26. Qe4 b6 27. Kh2 Qg5 28. Be3 Qe7 29. Bf2 a5 30. a4 Qd8 31. Rd1 Qe7 32. Kh1 Rad8 33. Kh2 Kh8 34. Rd5 c6 35. Rd2 Qc7 36. Bh4 f6 37. Bf2 b5 38. axb5 cxb5 39. Rd5 a4 40. Nd2 a3 41. bxa3 Qxc3 42. Rd3 Qa5 43. Nb3 Qc7 44. Be1 Rc8 45. Bb4 Bxb4 46. axb4 Qc4 47. Nc5 Qxe4 48. fxe4 Red8 49. Rb3 Rd4 50. h4 Rc4 51. Kg3 Rd8 52. Kg4 Rdd4 53. Kh5 Rxb4 54. Ra3 Rd8 55. Kg6 Rc4 56. Ne6 Rg8 57. g4 Rxe4 58. g5 Rg4 59. Rd3 b4 60. Nd8 Rf8 61. Rd7 fxg5 62. Nf7+ Kg8 63. Nxh6+ gxh6 64. Rg7+ Kh8 65. Rh7+ Kg8 66. Rg7+ Kh8 67. Rh7+ 1/2-1/2

[Event "Eastern Asia-ch zt 3.3 (Women)"]
[Site "Ulaanbaatar"]
[Date "2019.04.08"]
[Round "2"]
[White "Anujin, Bat Amgalan"]
[Black "Lkhagvajed, Gantulga"]
[Result "1-0"]
[WhiteElo "1407"]
[BlackElo "1344"]
[PlyCount "81"]
[EventDate "2019.04.07"]
[EventType "swiss"]
[EventRounds "9"]
[EventCountry "MGL"]
[SourceTitle "CBM 189 Extra"]
[Source "ChessBase"]
[SourceDate "2019.06.03"]
[SourceVersion "1"]
[SourceVersionDate "2019.06.03"]
[SourceQuality "1"]

1. d4 d5 2. Bf4 c6 3. e3 Nf6 4. Nd2 e6 5. Bd3 Nbd7 6. c3 Be7 7. Ngf3 0-0 8. Ne5 Nxe5 9. dxe5 Nd7 10. h4 f5 11. Nf3 Nc5 12. Bc2 Ne4 13. Bxe4 fxe4 14. Ng5 h6 15. Qg4 hxg5 16. hxg5 g6 17. Qh4 Kf7 18. Qh7+ Ke8 19. Qxg6+ Kd7 20. Rh7 b6 21. Qh6 Ba6 22. g6 Rg8 23. Bg5 Re8 24. Qh4 Rh8 25. Bxe7 Rxh7 26. gxh7 Qxe7 27. h8Q Rxh8 28. Qxh8 Qe8 29. Qg7+ Qe7 30. Qxe7+ Kxe7 31. Kd2 Kf7 32. Rh1 Kg7 33. f4 Bc8 34. Ke2 Bd7 35. Kf2 Be8 36. g4 Bg6 37. Rd1 a5 38. a4 b5 39. b4 axb4 40. cxb4 bxa4 41. Ra1 1-0